Dialektik und Gesellschaftswissenschaften
Na minha lista:
| Autor principal: | |
|---|---|
| Formato: | Livro |
| Idioma: | alemão |
| Publicado em: |
Berlin
Deutscher Verlag der Wissenschaften
1987
|
| Edição: | 1. Aufl. |
| Tags: |
Sem tags, seja o primeiro a adicionar uma tag!
|
MARC
| LEADER | 00000nam a2200000 4500 | ||
|---|---|---|---|
| 001 | c023582 | ||
| 005 | 20221219110853.3 | ||
| 041 | 0 | |a ger | |
| 044 | |a DE | ||
| 245 | 1 | 0 | |a Dialektik und Gesellschaftswissenschaften |c Gottfried Stiehler |
| 250 | |a 1. Aufl. | ||
| 264 | 1 | |a Berlin |b Deutscher Verlag der Wissenschaften |c 1987 | |
| 300 | |a 195 s. | ||
| 100 | 1 | |a Stiehler, Gottfried | |